[Event "XXIV ProAm Copa Clarin 2017"]
[Site "Villa Martelli"]
[Date "2017.10.04"]
[Round "5"]
[White "Slipak, Sergio"]
[Black "Godoy, Luciano"]
[Result "1-0"]
[WhiteElo "2437"]
[BlackElo "2105"]
[Annotator "TA"]
[PlyCount "89"]
[EventDate "2017.??.??"]
[EventType "swiss"]
[EventCountry "ARG"]
[SourceTitle "playchess.com"]
[Source "ChessBase"]
[SourceQuality "1"]

{[%evp 16,89,74,48,45,57,69,43,43,36,26,20,45,43,47,33,120,64,80,63,54,51,135,135,136,135,154,152,155,154,186,186,188,193,189,180,312,295,271,166,329,323,424,424,409,418,413,394,477,455,452,436,446,454,417,450,427,416,744,744,680,613,1299,1602,2423,2138,1780,1680,29976,29977,29976,29976,29987,29988,29989,29990]} 1. d4 e6 2. c4 f5 3. Nc3 Nf6 4. Nf3 d5 5. Bf4 c6 6. e3 Be7 7. Bd3 O-O 8. Qc2 Ne4 9. g4 Nxc3 {A84: Dutch Defence: 2 c4 Miscellaneous} 10. bxc3 Kh8 11. Rg1 Bd6 $146 {White is slightly better.} ({Predecessor:} 11... dxc4 12. Bxc4 b5 13. Bb3 a5 14. a3 Qe8 15. Be5 Bf6 16. Bxf6 Rxf6 17. Ne5 {1-0 (49) Shcherbakov,R (2580)-Sielecki,C Berlin 1993}) 12. O-O-O Bxf4 13. exf4 Qd6 14. Ne5 Nd7 15. gxf5 Nxe5 (15... exf5 $14 16. Kb1 Nxe5 17. fxe5 Qe7) 16. fxe5 ({White should play} 16. dxe5 $16 Qe7 17. cxd5 cxd5 18. Qb3) 16... Qa3+ $14 17. Kd2 exf5 18. Qb3 $36 {[%mdl 2048] White fights for an advantage.} Qxb3 (18... Qe7 $1 $14) 19. axb3 $16 Be6 20. f4 Kg8 21. cxd5 cxd5 22. c4 {[%cal Bc3c4,Bc4c5][%mdl 32]} Rac8 {[%cal Rd5c4]} 23. c5 g6 24. b4 a6 25. Ra1 Kg7 (25... Bd7 $142 26. Ra5 Rfd8) 26. b5 $18 axb5 27. Rgb1 ({Don't take} 27. Bxb5 $6 Ra8 $16) 27... Rf7 $2 {[#]} (27... Ra8 28. Bxb5 Kf7 29. Rxa8 Rxa8) 28. Rxb5 h6 29. Ra7 Rcc7 30. Rb6 Rfe7 31. h4 g5 32. hxg5 hxg5 33. fxg5 Kg6 34. Ra1 Rc6 35. Rbb1 Rh7 36. Rh1 Rcc7 (36... Rxh1 $142 37. Rxh1 Kxg5 38. Rg1+ Kh6) 37. Ke3 Rxh1 38. Rxh1 Kxg5 {[%mdl 4096] Endgame KRB-KRB} 39. Rg1+ Kh6 40. Kf4 Rf7 41. Rg5 b6 42. cxb6 {White mates.} Rb7 43. Bxf5 Bf7 44. e6 Bh5 45. Rg8 {Precision: White = 70%, Black = 32%.} 1-0

[Event "XXIV ProAm Copa Clarin 2017"]
[Site "Villa Martelli"]
[Date "2017.10.04"]
[Round "5"]
[White "Dolezal, Cristian"]
[Black "Flores, Diego"]
[Result "0-1"]
[WhiteElo "2423"]
[BlackElo "2580"]
[Annotator "TA"]
[PlyCount "104"]
[EventDate "2017.??.??"]
[EventType "swiss"]
[EventCountry "ARG"]
[SourceTitle "playchess.com"]
[Source "ChessBase"]
[SourceQuality "1"]

{[%evp 20,104,60,50,62,21,19,19,41,-34,-35,-69,-71,-188,-186,-251,-137,-145,-82,-85,-77,-68,-74,-79,-51,-62,-49,-58,-52,-52,-51,-56,-56,-56,-49,-53,-54,-60,-39,-39,-40,-85,-83,-77,-76,-92,-80,-109,-104,-134,-130,-129,-127,-122,-121,-122,-112,-174,-154,-171,-152,-219,-233,-29956,-29959,-29956,-308,-29963,-29965,-29965,-29964,-29954,-29958,-29973,-29974,-29973,-29972,-29976,-29976,-29978,-29980,-29985,-29984,-29992,-29993,-29993,-29994]} 1. e4 c5 2. Nf3 e6 3. d4 cxd4 4. Nxd4 a6 5. c4 Nf6 6. Nc3 Qc7 7. Be3 b6 8. Be2 Bb7 {B41: Sicilian: Kan Variation: 5 c4} 9. f3 Be7 10. O-O O-O 11. Qd2 {LiveBook: 10 Games} Nc6 (11... d6 12. Rfc1 Nbd7 13. b4 Rfe8 14. Na4 Bf8 15. Rab1 Rac8 16. Bf1 Qb8 17. Qf2 Ba8 18. Nb3 Rc6 19. Rd1 Rec8 20. Rb2 Ne5 {½-½ (123) Nepomniachtchi,I (2767)-Pantsulaia,L (2607) Doha 2016}) 12. Rac1 Bd6 13. Kh1 $146 ({Predecessor:} 13. h3 Nh5 14. f4 Nxf4 15. Bxf4 Bxf4 16. Rxf4 Nxd4 17. Rff1 Nxe2+ 18. Qxe2 {½-½ (39) Birnkraut,T (1615)-Linnemann,N (1577) Arendsee 2009}) 13... Bxh2 14. Nxc6 (14. f4 $1 $14 Bg3 15. e5) 14... Bxc6 $15 15. f4 Bg3 16. Rf3 (16. e5 $17 {was worth a try.} Ne4 17. Nxe4 Bxe4 18. Kg1) 16... Nh5 $19 17. Bd3 (17. f5 $142) 17... f5 ({Black should try} 17... Qd8 $1 $19 {[%cal Rd8h4]} 18. Ne2 Qh4+ 19. Kg1 Qh2+ 20. Kf1 f5 21. Nxg3 Nxg3+ 22. Kf2 fxe4 23. Rxg3 exd3 24. Qxd3 e5) 18. Ne2 $17 fxe4 (18... Qd8 $142 $1 {[%cal Rd8h4]} 19. Nxg3 Qh4+ 20. Kg1 Nxg3) 19. Nxg3 Nxg3+ 20. Rxg3 {Strongly threatening Be2.} exd3 21. Qxd3 Rf7 22. Qd4 b5 23. Bd2 Qd8 24. Kg1 Qf6 25. Qxf6 Rxf6 26. Bc3 Rf7 27. Be5 h6 $36 {[%mdl 2048] Black is more active.} 28. Ra3 Kh7 29. cxb5 Bxb5 30. b4 g5 31. fxg5 Rf5 32. g6+ Kxg6 33. Rg3+ Rg5 34. Rxg5+ hxg5 {[%mdl 4096] Endgame KRB-KRB} 35. Bd6 Rh8 36. Kf2 Rh4 37. Ke3 Bc6 38. Rc2 {[#]} (38. g3 $17 Rh2 39. a3) 38... Re4+ $1 $19 39. Kf2 e5 40. g3 (40. Rc5 $17) 40... Kf5 41. Re2 $2 {[#]} (41. a3 $19) 41... Rxe2+ $1 42. Kxe2 {KB-KB} Ke6 43. Bc7 $2 (43. Bf8 $19) 43... g4 {Black mates.} 44. Kd3 d5 {[%cal Bd7d5,Bd5d4,Bd4d3,Bd3d2][%mdl 32]} 45. Kc3 Bb5 46. Kb3 Bc4+ 47. Kb2 d4 48. a4 Kd5 49. Kc2 e4 {[%cal Be5e4,Be4e3][%mdl 32]} 50. Bf4 e3 51. Bb8 d3+ 52. Kc3 d2 {Precision: White = 28%, Black = 80%.} 0-1

[Event "XXIV ProAm Copa Clarin 2017"]
[Site "Villa Martelli"]
[Date "2017.10.04"]
[Round "5"]
[White "Pierrot, Facundo"]
[Black "Zamani, Andres"]
[Result "1-0"]
[WhiteElo "2405"]
[BlackElo "2120"]
[Annotator "NA"]
[PlyCount "91"]
[EventDate "2017.??.??"]
[EventType "swiss"]
[EventCountry "ARG"]
[SourceTitle "playchess.com"]
[Source "ChessBase"]
[SourceQuality "1"]
[TimeControl "5400+30"]

1. e4 {[%emt 0:00:00]} c5 {[%emt 0:00:12]} 2. Nf3 {[%emt 0:00:01]} d6 {[%emt 0:00:06]} 3. d4 {[%emt 0:00:21]} cxd4 {[%emt 0:00:10]} 4. Nxd4 {[%emt 0:00:06]} Nf6 {[%emt 0:00:07]} 5. Nc3 {[%emt 0:00:38]} g6 {[%emt 0:00:06]} 6. Be3 {[%emt 0:00:21]} Bg7 {[%emt 0:00:07]} 7. f3 {[%emt 0:00:05]} O-O {[%emt 0:00:12]} 8. Qd2 {[%emt 0:00:13]} Nc6 {[%emt 0:00:07]} 9. O-O-O {[%emt 0:00:27]} d5 {[%emt 0:00:50]} 10. exd5 {[%emt 0:00:33]} Nxd5 {[%emt 0:00:09]} 11. Nxc6 {[%emt 0:00:04]} bxc6 {[%emt 0:00:08]} 12. Bd4 {[%emt 0:00:04]} Bxd4 {[%emt 0:00:38]} 13. Qxd4 {[%emt 0:00:07]} Qb6 {[%emt 0:00:11]} 14. Na4 {[%emt 0:07:14]} Qc7 {[%emt 0:00:11]} 15. Bc4 {[%emt 0:01:38]} Rd8 {[%emt 0:06:03]} 16. Kb1 {[%emt 0:09:21]} Bf5 {[%emt 0:01:41]} 17. Qc5 {[%emt 0:01:39]} Rac8 {[%emt 0:24:18]} 18. Bb3 {[%emt 0:11:28]} Rd6 {[%emt 0:03:38]} 19. g4 {[%emt 0:03:18]} Be6 {[%emt 0:01:00]} 20. h4 {[%emt 0:00:11]} Rcd8 {[%emt 0:01:44]} 21. Rde1 {[%emt 0:02:18]} Nf4 {[%emt 0:03:06]} 22. h5 {[%emt 0:01:26]} Qd7 {[%emt 0:06:13]} 23. Nc3 {[%emt 0:00:55]} Bxb3 {[%emt 0:03:20]} 24. axb3 {[%emt 0:00:20]} Ne6 {[%emt 0:11:54]} 25. Qe3 {[%emt 0:02:19]} g5 {[%emt 0:02:12]} 26. h6 {[%emt 0:00:11]} Rd4 {[%emt 0:04:41]} 27. Ne2 {[%emt 0:20:50]} Rd2 {[%emt 0:06:28]} 28. Qc3 {[%emt 0:01:03]} f6 {[%emt 0:10:17]} 29. Qc4 {[%emt 0:04:27]} Kf7 {[%emt 0:02:03]} 30. Qe4 {[%emt 0:03:18]} Nf8 {[%emt 0:01:02]} 31. f4 {[%emt 0:00:26]} Qxg4 {[%emt 0:03:15]} 32. Nd4 {[%emt 0:04:24]} e5 {[%emt 0:03:45]} 33. Nxc6 {[%emt 0:01:21]} R8d6 {[%emt 0:02:46]} 34. Rhg1 {[%emt 0:13:25]} Rd1+ {[%emt 0:00:29]} 35. Ka2 {[%emt 0:00:14]} Rxe1 {[%emt 0:00:54]} 36. Qxe1 {[%emt 0:01:19]} Qxf4 {[%emt 0:00:54]} 37. Rf1 {[%emt 0:00:13]} Qd2 {[%emt 0:02:08]} 38. Nxe5+ {[%emt 0:01:42]} Kg8 {[%emt 0:00:03]} 39. Qxd2 {[%emt 0:03:13]} Rxd2 {[%emt 0:00:04]} 40. Rxf6 {[%emt 0:00:17]} Rxc2 {[%emt 0:00:56]} 41. Rf7 {[%emt 0:00:25]} Ng6 {[%emt 0:01:26]} 42. Rg7+ {[%emt 0:00:14]} Kf8 {[%emt 0:00:15]} 43. Nd7+ {[%emt 0:01:08]} Ke8 {[%emt 0:00:05]} 44. Nf6+ {[%emt 0:00:03]} Kd8 {[%emt 0:00:40]} 45. Nxh7 {[%emt 0:00:08]} Nf4 {[%emt 0:00:58]} 46. Nxg5 {[%emt 0:00:07]} 1-0

[Event "XXIV ProAm Copa Clarin 2017"]
[Site "Villa Martelli"]
[Date "2017.10.04"]
[Round "5"]
[White "Barrionuevo, Pablo"]
[Black "Perez Ponsa, Federico"]
[Result "0-1"]
[WhiteElo "2256"]
[BlackElo "2588"]
[Annotator "TA"]
[PlyCount "96"]
[EventDate "2017.??.??"]
[EventType "swiss"]
[EventCountry "ARG"]
[SourceTitle "playchess.com"]
[Source "ChessBase"]
[SourceQuality "1"]

{[%evp 21,96,-21,-19,-27,-33,-34,-37,-30,-20,-25,-15,-63,-58,-74,-49,-72,-40,-31,0,0,7,-22,-16,-38,-35,-34,-35,-44,-18,-31,-12,-29,-32,-40,-28,-30,-22,-130,-95,-130,-144,-299,-294,-273,-202,-220,-196,-195,-209,-300,-319,-468,-453,-434,-309,-452,-434,-569,-520,-541,-545,-864,-412,-378,-358,-29983,-29984,-29984,-29985,-29991,-29992,-29992,-29993,-29993,-29994,-29994,-29995]} 1. d4 Nf6 2. Nf3 e6 3. e3 c5 4. Bd3 Nc6 5. O-O d5 6. b3 Bd6 7. Bb2 O-O 8. Nbd2 b6 9. Ne5 Bb7 {D05: Colle System with ...e6} 10. a3 Qc7 (10... Ne7 11. f4 Ne4 12. Bxe4 dxe4 13. Ndc4 Bxe5 14. fxe5 cxd4 15. Nd6 Ba6 16. Rf4 d3 17. Rxe4 dxc2 18. Qxc2 {½-½ (38) Forcen Esteban,D (2549)-Granda Zuniga,J (2688) La Roda 2016}) 11. f4 Ne7 {LiveBook: 18 Games. The position is equal.} 12. Rc1 Nf5 $146 ({Predecessor:} 12... Ne4 13. c4 Nf5 14. Qe2 Qe7 15. cxd5 exd5 16. Nxe4 dxe4 17. Bc4 cxd4 18. exd4 Bxa3 19. Bxa3 Qxa3 20. Nxf7 {0-1 (25) Amini,H (1995)-Nguyen,A (2412) Abu Dhabi 2016}) 13. Qe2 Ne4 14. g4 Nh4 15. dxc5 bxc5 {White must now prevent ...Nxd2.} 16. Nxe4 dxe4 17. Ba6 Rad8 18. Bxb7 Qxb7 (18... Bxe5 $5 19. Bxe5 Qxb7 $15) 19. Nc4 $1 Qe7 20. Kh1 Bc7 21. a4 (21. Bc3 {is interesting.} Rd5 22. Nd2 f5 23. Rg1 g6 24. Qf2) 21... Nf3 22. Rxf3 exf3 23. Qxf3 f6 24. Rg1 h6 25. Bc3 Qd7 26. e4 g5 27. f5 Bf4 28. Re1 Rde8 29. Rd1 (29. Nb2 $11 {remains equal.}) 29... Qc6 {[#] Threatens to win with ...exf5.} 30. Na5 Qa8 {And now ...exf5 would win.} 31. Rd7 $2 (31. Re1 $17) 31... exf5 $19 32. Nb7 {Hoping for e5.} Qc8 (32... fxe4 33. Qd1 $14) 33. Qd3 Qc6 ({Don't go for} 33... fxe4 $2 34. Qd5+ Kh8 35. Qf5 $18) 34. Qc4+ Kh8 35. Qd5 (35. Nxc5 $142 fxe4 36. Qb5) 35... Qxd5 36. exd5 (36. Rxd5 $142 fxe4 37. Kg2) 36... Re2 37. Nxc5 Rxh2+ 38. Kg1 Rxc2 39. Ne6 Rxc3 40. Nxf8 fxg4 {[%cal Bf5g4,Bg4g3,Bg3g2][%mdl 4128] Endgame KRB-KRN} 41. Ne6 Be3+ (41... g3 $142 {...Rc1+ is the strong threat.} 42. d6 Rd3) 42. Kf1 {White hopes to continue with d6.} Rc2 {( -> ...g3)} 43. Rc7 $2 {[#]} (43. Re7 $19 Rd2 44. Nd8) 43... Rf2+ {Black mates.} 44. Ke1 g3 45. Nd8 g2 {[%cal Rg2g1]} 46. Nf7+ Kg8 {[%cal Rg2g1]} 47. Nxh6+ Kf8 {[%cal Rg2g1]} 48. Rc8+ Kg7 {Precision: White = 28%, Black = 70%.} 0-1

[Event "XXIV ProAm Copa Clarin 2017"]
[Site "Villa Martelli"]
[Date "2017.10.05"]
[Round "6"]
[White "Perez Ponsa, Federico"]
[Black "Flores, Diego"]
[Result "0-1"]
[WhiteElo "2588"]
[BlackElo "2580"]
[Annotator "TA"]
[PlyCount "62"]
[EventDate "2017.??.??"]
[EventType "swiss"]
[EventCountry "ARG"]
[SourceTitle "playchess.com"]
[Source "ChessBase"]
[SourceQuality "1"]

{[%evp 18,62,12,13,9,11,25,25,22,22,22,22,32,32,36,42,22,27,49,0,0,0,0,-11,-15,-66,-60,-90,-96,-216,-216,-309,-320,-335,-337,-335,-329,-367,-365,-457,-373,-511,-504,-491,-481,-501,-487]} 1. d4 Nf6 2. c4 e6 3. g3 Bb4+ 4. Bd2 Bxd2+ 5. Qxd2 d5 6. Nf3 O-O 7. Bg2 Nbd7 8. O-O c6 9. Qc2 b6 10. Nbd2 Bb7 {E11: Bogo-Indian} 11. e4 Nxe4 12. Nxe4 dxe4 {White has an edge.} 13. Qxe4 Rb8 14. Rad1 Qc7 {[#]} 15. Qc2 $146 ({Predecessor:} 15. Ng5 Nf6 16. Qe5 Qxe5 17. dxe5 Ng4 18. Rfe1 Rfd8 19. Rxd8+ Rxd8 20. h3 {1-0 (46) Nikolic,P (2603)-Arkell,K (2499) Acqui Terme 2015}) 15... c5 16. d5 exd5 17. cxd5 Rbd8 18. d6 (18. Nd4 $5) 18... Qb8 19. Rfe1 Nf6 20. Re7 Bd5 21. d7 ({Of course not} 21. Rxd5 Nxd5 22. Ng5 Nf6 $17) (21. Ng5 $11 Qxd6 22. Rxa7) 21... Qd6 $15 22. Re5 {[#] Rexd5! is the strong threat.} Rxd7 23. Rexd5 (23. Re2 $17) 23... Nxd5 $19 24. Ng5 (24. Qb3 {was worth a try.} Rfd8 25. Bh3) 24... Qh6 25. Qf5 {[#]} Nf6 $1 26. Rxd7 Nxd7 27. Bd5 {[%cal Rg5f7]} Qg6 28. Qf4 h6 29. Nf3 Nf6 {Black is clearly winning.} 30. Bc6 Qb1+ 31. Kg2 Qxb2 {Precision: White = 28%, Black = 88%.} 0-1

[Event "XXIV ProAm Copa Clarin 2017"]
[Site "Villa Martelli"]
[Date "2017.10.05"]
[Round "6"]
[White "De Dovitiis, Alejo"]
[Black "Valerga, Diego"]
[Result "1/2-1/2"]
[WhiteElo "2338"]
[BlackElo "2452"]
[Annotator "TA"]
[PlyCount "37"]
[EventDate "2017.??.??"]
[EventType "swiss"]
[EventCountry "ARG"]
[SourceTitle "playchess.com"]
[Source "ChessBase"]
[SourceQuality "1"]

{[%evp 20,22,35,31,31]} 1. e4 c5 2. Nf3 Nc6 3. d4 cxd4 4. Nxd4 g6 5. c4 Nf6 6. Nc3 d6 7. Be2 Nxd4 8. Qxd4 Bg7 9. Be3 O-O 10. Qd2 Be6 11. Rc1 a5 {B36: Sicilian: Maroczy Bind: Gurgenidze System} {Predecessor:} 12. f3 $146 a4 13. Nd5 Nd7 14. O-O Nc5 15. Rfd1 Bxd5 16. cxd5 Qa5 17. Qxa5 Rxa5 18. Rc2 Rb8 19. Bd2 {½-½ (34) Almasi,Z (2691)-Malakhov,V (2690) Sibenik 2007} 1/2-1/2

[Event "XXIV ProAm Copa Clarin 2017"]
[Site "Villa Martelli"]
[Date "2017.10.05"]
[Round "6"]
[White "Mussanti, Diego"]
[Black "Slipak, Sergio"]
[Result "1/2-1/2"]
[WhiteElo "2288"]
[BlackElo "2437"]
[Annotator "TA"]
[PlyCount "83"]
[EventDate "2017.??.??"]
[EventType "swiss"]
[EventCountry "ARG"]
[SourceTitle "playchess.com"]
[Source "ChessBase"]
[SourceQuality "1"]

{[%evp 21,83,-14,0,-16,-14,-9,-8,-14,0,-112,-25,-63,-59,-64,-79,-79,-39,-37,-45,-109,-90,-116,-102,-98,-105,-108,-85,-110,-64,-73,-52,-66,-26,-28,-19,-43,-43,-68,-43,-43,-7,-3,0,0,0,0,0,0,0,0,0,0,0,0,0,0,0,0,0,0,0,0,0,0]} 1. e4 e5 2. Nf3 Nc6 3. d4 exd4 4. Nxd4 Nf6 5. Nc3 Bc5 6. Be3 Bb6 7. Nxc6 bxc6 {C47: Scotch Four Knights and Four Knights with 4 g3} (7... dxc6 8. Qxd8+ Kxd8 9. O-O-O+ Ke7 10. Bxb6 axb6 11. f3 b5 12. a3 Be6 13. Bd3 h5 14. Rhe1 h4 15. Bf1 {0-1 (60) Butkiewicz,L (2429)-Ivanisevic,I (2646) Zalakaros 2016}) 8. e5 Bxe3 9. fxe3 Nd5 10. Nxd5 cxd5 11. Qxd5 Qh4+ $1 {LiveBook: 7 Games} 12. g3 Qb4+ 13. Qd2 $1 {[%cal Rd2b4]} Qxb2 14. Qd4 $146 {[%cal Rd4b2]} ({Predecessor:} 14. Qc1 Qxe5 15. Ke2 {0-1 (25) Balazs,G (687)-Lonyuk,B (1001) LSS email 2011}) 14... Qb7 15. Kf2 {[#]} (15. e6 $11) 15... Qc6 ({Much weaker is} 15... Qxh1 $6 16. Bg2 $11) (15... c5 $1 $17 {[%cal Rc5d4]} 16. Bg2 {[#]} Qxg2+ $1 {[%mdl 512]} 17. Kxg2 cxd4) 16. Bc4 Bb7 $36 {[%mdl 2048] Black has some pressure.} 17. Rhf1 O-O 18. Ke2 Ba6 19. Bxa6 Qxa6+ 20. Qd3 (20. Kf2 $15) 20... Qh6 $17 21. h4 Qh5+ 22. Rf3 Qxe5 23. Rb1 Qe6 24. Rb7 Qxa2 25. Rxc7 Rac8 26. Qxd7 Qa6+ 27. Kf2 {[%cal Rf3f7]} Rcd8 28. Qf5 {[%cal Rc7f7]} g6 29. Qf4 $1 {[%cal Rc7f7]} Rd2+ 30. Kg1 {[%cal Rc7f7]} Qe2 {[%csl Gd2][%cal Re2g2]} 31. Rf2 {The position is equal.} Qxf2+ (31... Rd1+ {feels hotter.} 32. Kg2 Qe1 33. Rf1 Qxf1+ 34. Qxf1 Rxf1 35. Kxf1 a5) 32. Qxf2 Rxf2 33. Kxf2 $11 {[%mdl 4096] Endgame KR-KR} Ra8 34. Rc4 a5 {Strongly threatening ...a4.} 35. Ra4 Kf8 36. Kf3 Ke7 37. Kf4 f6 38. g4 Kd6 39. e4 Ke6 40. g5 fxg5+ 41. hxg5 Ra7 42. c4 {Precision: White = 71%, Black = 48%.} 1/2-1/2

[Event "XXIV ProAm Copa Clarin 2017"]
[Site "Villa Martelli"]
[Date "2017.10.05"]
[Round "6"]
[White "Molina, Pablo Sebastian"]
[Black "Pierrot, Facundo"]
[Result "0-1"]
[WhiteElo "2274"]
[BlackElo "2405"]
[Annotator "TA"]
[PlyCount "80"]
[EventDate "2017.??.??"]
[EventType "swiss"]
[EventCountry "ARG"]
[SourceTitle "playchess.com"]
[Source "ChessBase"]
[SourceQuality "1"]

{[%evp 9,80,-2,0,-2,-3,-15,0,-37,-36,-55,-23,-21,-16,-67,-54,-70,-31,-56,-29,-98,-115,-105,-114,-179,-174,-181,-189,-191,-185,-176,-165,-236,-233,-273,-240,-262,-240,-239,-235,-223,-237,-368,-379,-362,-302,-301,-301,-294,-280,-292,-246,-311,-297,-382,-369,-388,-377,-530,-529,-508,-426,-642,-642,-634,-638,-605,-600,-700,-697,-681,-653,-618,-499]} 1. b3 d5 2. d4 Nf6 3. Nf3 Bf5 4. e3 e6 5. Bd3 Bxd3 6. cxd3 {D02: Damenbauernspiele} (6. Qxd3 c5 7. O-O Nc6 8. dxc5 Bxc5 9. Bb2 O-O 10. a3 Qe7 11. Nbd2 e5 {0-1 (68) Halkias,S (2585)-Aronian,L (2785) Doha 2016}) 6... c5 7. O-O Nc6 8. a3 $146 {Die Stellung ist ausgeglichen.} ({Vorgänger:} 8. Bb2 Be7 9. Nbd2 O-O 10. dxc5 Bxc5 11. Ne5 Nxe5 12. Bxe5 Nd7 13. Bb2 Qe7 {½-½ (32) Bischof,R (2036)-Rau,J (2205) Bad Wiessee 2002}) 8... cxd4 9. exd4 g6 10. Nc3 Bg7 11. Bb2 ({Lieber} 11. b4 $11) 11... O-O $15 12. b4 Rc8 13. Rc1 Nd7 14. Qd2 (14. Na4 $11) 14... Nxd4 $17 15. Nxd4 Bxd4 16. Kh1 (16. Ne2 $17 Bxb2 17. Rxc8 Qxc8 18. Qxb2) 16... Qf6 $19 17. Na4 Bxb2 18. Qxb2 Qxb2 19. Nxb2 b5 20. f4 (20. d4 $142) 20... d4 {[%cal Bd5d4,Bd4c3][%mdl 32]} 21. Kg1 Nb6 22. Kf2 Rc3 23. Rxc3 dxc3 {[%mdl 4096] Endspiel KTS-KTS} 24. Nd1 {[#]} Nd5 $1 25. Ke2 (25. Kf3 {ist wohl besser.}) 25... Rc8 {Weiss muss nun ...c2 beachten.} 26. Ne3 Nxf4+ 27. Rxf4 {Droht stark Tf1.} c2 28. Nxc2 Rxc2+ {KT-KT} 29. Kf3 Rc3 30. Rd4 Rxa3 31. g4 g5 32. Ke4 Kg7 33. Ke5 (33. Rd7 $142) 33... a5 {Schwarz steht klar auf Gewinn.} 34. bxa5 Rxa5 35. Rb4 (35. Re4 $142 b4+ 36. Kd4) 35... Ra4 36. Rxb5 Rxg4 37. Rb2 h5 {[%cal Bh7h5,Bh5h4][%mdl 32]} 38. Rf2 h4 39. d4 Rg1 40. Kd6 Ra1 {Precision: Weiß = 26%, Schwarz = 75%.} 0-1

[Event "XXIV ProAm Copa Clarin 2017"]
[Site "Villa Martelli"]
[Date "2017.10.05"]
[Round "6"]
[White "Sanhueza, Cristian"]
[Black "Anino, Sergio"]
[Result "1-0"]
[WhiteElo "2263"]
[BlackElo "2132"]
[Annotator "ChessBase"]
[PlyCount "103"]
[EventDate "2017.??.??"]
[EventType "swiss"]
[EventCountry "ARG"]
[SourceTitle "playchess.com"]
[Source "ChessBase"]
[SourceQuality "1"]
[TimeControl "5400+30"]

1. d4 {[%emt 0:00:01]} d5 {[%emt 0:00:17]} 2. c4 {[%emt 0:00:20]} e6 {[%emt 0:00:40]} 3. Nc3 {[%emt 0:00:22]} c6 {[%emt 0:00:06]} 4. e4 {[%emt 0:03:46]} dxe4 {[%emt 0:00:19]} 5. Nxe4 {[%emt 0:00:06]} Bb4+ {[%emt 0:00:30]} 6. Bd2 {[%emt 0:00:18]} Qxd4 {[%emt 0:00:20]} 7. Bxb4 {[%emt 0:00:06]} Qxe4+ {[%emt 0:00:06]} 8. Ne2 {[%emt 0:00:10]} Na6 {[%emt 0:05:10]} 9. Bf8 {[%emt 0:00:10]} Ne7 {[%emt 0:03:34]} 10. Bxg7 {[%emt 0:01:52]} Rg8 {[%emt 0:00:05]} 11. Bc3 {[%emt 0:00:14]} Bd7 {[%emt 0:11:54]} 12. Qb1 {[%emt 0:08:34]} Nc5 {[%emt 0:01:48]} 13. Qxe4 {[%emt 0:18:32]} Nxe4 {[%emt 0:00:05]} 14. g3 {[%emt 0:01:11]} c5 {[%emt 0:05:52]} 15. Bg2 {[%emt 0:01:24]} Nxc3 {[%emt 0:00:54]} 16. Nxc3 {[%emt 0:00:17]} O-O-O {[%emt 0:12:27]} 17. O-O-O {[%emt 0:07:53]} Bc6 {[%emt 0:05:18]} 18. Bxc6 {[%emt 0:13:11]} Nxc6 {[%emt 0:00:06]} 19. Ne4 {[%emt 0:02:38]} Ne5 {[%emt 0:03:39]} 20. Nxc5 {[%emt 0:08:19]} Nxc4 {[%emt 0:01:20]} 21. Ne4 {[%emt 0:00:46]} Ne5 {[%emt 0:05:28]} 22. f4 {[%emt 0:12:20]} Nd3+ {[%emt 0:05:44]} 23. Kc2 {[%emt 0:00:22]} Nb4+ {[%emt 0:00:37]} 24. Kb3 {[%emt 0:00:18]} Nd5 {[%emt 0:00:51]} 25. Ng5 {[%emt 0:04:10]} Rd7 {[%emt 0:02:36]} 26. Rd4 {[%emt 0:05:48]} h6 {[%emt 0:02:57]} 27. Ne4 {[%emt 0:00:48]} Rgd8 {[%emt 0:08:28]} 28. Rc1+ {[%emt 0:00:48]} Rc7 {[%emt 0:01:16]} 29. Rcd1 {[%emt 0:02:59]} Rcd7 {[%emt 0:01:14]} 30. R1d2 {[%emt 0:03:46]} Kb8 {[%emt 0:08:08]} 31. Nc3 {[%emt 0:00:31]} Nf6 {[%emt 0:03:24]} 32. Rxd7 {[%emt 0:00:14]} Rxd7 {[%emt 0:01:11]} 33. Rxd7 {[%emt 0:00:02]} Nxd7 {[%emt 0:00:06]} 34. Kc4 {[%emt 0:00:15]} a6 {[%emt 0:01:20]} 35. Kd4 {[%emt 0:00:57]} Kc7 {[%emt 0:00:30]} 36. Ne4 {[%emt 0:00:02]} Kc6 {[%emt 0:00:47]} 37. g4 {[%emt 0:00:23]} b6 {[%emt 0:01:58]} 38. h4 {[%emt 0:00:30]} f6 {[%emt 0:01:11]} 39. Ng3 {[%emt 0:02:53]} Kd6 {[%emt 0:00:12]} 40. b4 {[%emt 0:00:13]} Kc6 {[%emt 0:04:10]} 41. g5 {[%emt 0:00:57]} fxg5 {[%emt 0:00:18]} 42. fxg5 {[%emt 0:00:11]} hxg5 {[%emt 0:00:06]} 43. hxg5 {[%emt 0:00:02]} Kd6 {[%emt 0:00:33]} 44. a4 {[%emt 0:01:20]} e5+ {[%emt 0:00:45]} 45. Ke4 {[%emt 0:00:49]} Ke6 {[%emt 0:00:06]} 46. Kd3 {[%emt 0:01:25]} Kd5 {[%emt 0:01:02]} 47. g6 {[%emt 0:00:23]} e4+ {[%emt 0:01:30]} 48. Ke3 {[%emt 0:00:30]} Ne5 {[%emt 0:01:35]} 49. g7 {[%emt 0:00:19]} Ng4+ {[%emt 0:00:04]} 50. Kf4 {[%emt 0:00:26]} Nf6 {[%emt 0:00:06]} 51. Kf5 {[%emt 0:00:10]} Ng8 {[%emt 0:01:26]} 52. Nxe4 {[%emt 0:00:32]} 1-0